Regionálna politika EÚ a regióny SR

Šesť regiónov Európskej únie podľa delenia Európskej komisie. Štrukturálne fondy a kohézny fond - nástroje regionálnej politiky EÚ. Základné ciele, na ktoré sa štrukturálne fondy zamerali v období rokov 2000-2006. Regionálny rozvoj Slovenska. Implementácia cieľov regionálnej politiky EÚ v Slovenskej...

Ausführliche Beschreibung

Gespeichert in:
Bibliographische Detailangaben
1. Verfasser: Sládková, Zuzana
Format: Buchkapitel
Sprache:Slowakisch
Schlagworte:
Tags: Tag hinzufügen
Keine Tags, Fügen Sie das erste Tag hinzu!

MARC

LEADER 00000naa$a2200000$$$4500
001 0053066
005 20240502071619.5
041 0 |a slo 
044 |a SK 
245 1 0 |a Regionálna politika EÚ a regióny SR  |c Zuzana Sládková 
520 |a Šesť regiónov Európskej únie podľa delenia Európskej komisie. Štrukturálne fondy a kohézny fond - nástroje regionálnej politiky EÚ. Základné ciele, na ktoré sa štrukturálne fondy zamerali v období rokov 2000-2006. Regionálny rozvoj Slovenska. Implementácia cieľov regionálnej politiky EÚ v Slovenskej republike. Implementácia iniciatív Interreg a Equal. 
610 2 0 |a rozvoj regionálny 
610 2 0 |a spolupráca hospodárska medzinárodná 
610 2 0 |a fondy štruktúrne 
610 2 0 |a spolupráca cezhraničná 
610 2 0 |a trh práce 
610 2 0 |a zamestnanosť 
610 2 0 |a priemysel 
610 2 0 |a služby 
610 2 0 |a rast hospodársky 
610 2 0 |a Európska únia 
610 2 0 |a Slovensko 
100 1 |a Sládková, Zuzana